| 000 | 01783nam a2200373 c 4500 | ||
|---|---|---|---|
| 999 |
_c170811 _d170811 |
||
| 003 | BLK | ||
| 005 | 20220210095308.0 | ||
| 008 | 180411b bul|||||r ||||||| ||bul|| | ||
| 010 | _aKNG00179008000 | ||
| 040 | _aBLK | ||
| 041 |
_aBUL _cBUL |
||
| 072 | 7 |
_2bullib _aК _xКраезнание |
|
| 080 |
_aПърва помощ при нещастни случаи. Организация на бърза помощ - Организационни мероприятия. Доброволна помощ. Червен кръст, червен полумесец. Средства за оказване на първа помощ, апаратура за реан _b614.88 _x(063) _z614.88(063) |
||
| 139 |
_a[Сто] 100 години Български червен кръст Русе _bС 77 |
||
| 245 | 1 | 0 |
_a[Сто] 100 години Български червен кръст Русе _bМатериали от Юбил. науч. сесия, проведена в Русе на 6 дек. 1985 г. _cсъстав. Дора Кънчева; състав. Александър Александров. |
| 257 | _aBGR | ||
| 260 | _c1986 | ||
| 300 |
_a84 с. _bс ил. _c21 см |
||
| 380 | _a61 | ||
| 500 | _aИзд. на ОК на БЧК - Русе. - 1000 тир. | ||
| 650 | 4 |
_aБЧК _9149305 |
|
| 651 | 4 |
_aБългария _9241624 |
|
| 651 | 4 |
_aРусе _9179462 |
|
| 653 | _aБЧК | ||
| 653 | _aистория | ||
| 659 | _aК | ||
| 700 | 1 |
_aКънчева, Дора _eсъстав. _9382719 |
|
| 700 | 1 |
_aАлександров, Александър _eсъстав. _gТенев, Теньо Динев _9363341 |
|
| 852 | _aЦб 145136 | ||
| 852 | _aК 61/С 77 | ||
| 856 | 4 | _qpdf | |
| 856 | 4 | _qpdf | |
| 942 |
_cKNG _n0 _s1 |
||
| 944 |
_aCR _c31.07.2015 _kВаля_Йорданова |
||
| 944 |
_aED _c31.07.2015 _kВаля_Йорданова |
||
| 999 | _d170811 | ||